| 000 | 00427nas a2200181 a 4500 | ||
|---|---|---|---|
| 001 | 4056 | ||
| 003 | CDMR | ||
| 005 | 20150828124313.0 | ||
| 008 | 130130c1982||||sp ar||||||||||spa||||||d | ||
| 022 | _a0211-9366 | ||
| 040 |
_aCDMR _bcat _cCDMR |
||
| 245 | 0 | 0 | _aAnuario El País |
| 260 |
_aMadrid _c1984 - 2011 _bEdiciones El País |
||
| 300 |
_av. _bil. _c29 cm. |
||
| 310 | _aAnual | ||
| 362 | _a1984 - 2011 | ||
| 942 |
_cSER _2udc _s1 |
||
| 999 |
_c4056 _d4056 |
||